000 00275 a2200133 4500
001 47822
040 _cAnchieta - Aquarius
240 1 0 _aO nascimento de Jesus
_lpor
245 1 0 _aO nascimento de Jesus
300 _a23
362 0 _a1995
650 4 _aReligião
942 _cBK
999 _c47822
_d47822